Statistiques concernant Révision de vocabulaire anglais : animals

Cliquez ici pour prendre le quiz!

Statistiques générales

  • Ce quiz a été pris 118 fois
  • Le résultat moyen est 9 sur 40

Statistiques - réponses

FrançaisHintRéponse% Correct
âneD______Donkey
85%
ThonT____Tuna
62%
HomardL_________Lobster
59%
Poisson rougeG________Goldfish
55%
HippocampeS__________Seahorse
47%
AnguilleE____Eel
35%
FrelonH_________Hornet
33%
Bélier (animal pas le signe)R____Ram
32%
MorseW________Walrus
32%
Pic (oiseau)W___________Woodpecker
29%
BourdonB___________Bumblebee
27%
SabotH_____Hoof
27%
ColibriH____________Hummingbird
24%
ChacalJ______Jackal
24%
Papillon de nuitM_______Moth
23%
MouleM______Mussel
22%
PorceletP_____Piglet
22%
LimaceS______Slug
22%
Nageoire/aileronF____Fin
21%
PoulainF____Foal
21%
MoineauS__________Sparrow
21%
AnchoisA_________Anchovy
18%
OursinU_______Urchin
14%
PuceF_____Flea
13%
PalourdeC______Clam
12%
PouxL___Lice
12%
AsticotM________Maggot
12%
RossignolN__________Nightingale
12%
HirondelleS_________Swallow
12%
PhacochèreW_______Warthog
12%
CygogneS_____Stork
10%
MaquereauM_________Mackerel
9%
LamantinM_______Manatee
9%
PingouinA____Auk
8%
DaimF______ ___Fallow deer
8%
PerdrixP__________Partridge
8%
TétardT_________Tadpole
5%
HannetonC___________Cockchafer
4%
PerrucheB____________Budgerigar
3%
MésangeT__________Titmouse
3%

Distribution des résultats

Percentile par nombre de réponses

% des personnes avec chaque résultat

Votre développement - résultats

Vous n’avez pas pris ce quiz